000 00268nam a22001097a 4500
008 170116b xxu||||| |||| 00| 0 eng d
020 _a9780131191266
041 _aeng
080 _24TH
_a618.2
245 _aTHEORY CONSTTRUCTION IN NURSING
_cWALKER, L.O
942 _2udc
_cBK
999 _c2907
_d2907